| 000 | 01658nam0a22003131 4500 | ||
|---|---|---|---|
| 001 | rc\2191414 | ||
| 005 | 20110829164149.9 | ||
| 035 | _a(NLR Aleph) 006692687 | ||
| 090 |
_a5162080 _c5162080 |
||
| 100 | _a20110829d1979 |||y0rusy50 ca | ||
| 101 | 0 | _arus | |
| 102 | _aRU | ||
| 105 | _ay z ||||| | ||
| 200 | 1 |
_aМетодика нормирования расхода основных видов сырья и материалов на предприятиях промышленности искусственных кож и пленочных материалов _fНИИ планир. и нормативов, ВНИИ пленоч. материалов и искусств. кожи _g[Разработали Т.Г. Парашина, Ю.К. Ярцева, Л.Я. Брук и др.] |
|
| 210 |
_aМосква _cЦНИИ информ. и техн.-экон. исслед. лег. пром-сти _d1979 |
||
| 215 |
_a[1], 49 с. _d21 |
||
| 606 |
_aПленки полимерные _xПроизводство _xНормирование расхода материалов _2psbo |
||
| 606 |
_aКожзаменители _xПроизводство _xНормирование расхода материалов _2psbo |
||
| 702 | 1 |
_aБрук _bЛ. Я. _4220 |
|
| 702 | 1 |
_aПарашина _bТ. Г. _gТамара Григорьевна _4220 |
|
| 702 | 1 |
_aЯрцева _bЮ. К. _4220 |
|
| 712 | 0 | 2 |
_aНИИ планирования и нормативов _cМосква |
| 801 | 0 |
_aRU _bNLR _gpsbo |
|
| 801 | 1 |
_aRU _bELAR _2rusmarc |
|
| 852 |
_aNLR _j79-6/1355 |
||
| 899 |
_aRuMoRGB _jB 79-30/312 |
||
| 899 |
_aRuMoRGB _jB 79-30/313 |
||
| 942 | _cBOOK | ||
| 980 | _aNB | ||